Česká umělecká próza /
Z komentáře Václava Kamelského k původnímu titulu DV 15133 "Česká umělecká próza" vydanému v Supraphonu v roce 1961 a nyní vydávanému poprvé digitálně: Úsilí o živou literární výchovu spjatou se životem vyvolalo potřebu bohatšího fondu základních pomůcek. Patří mezi ně soubor gramofonových...
Uloženo v:
| Hlavní autor: | |
|---|---|
| Další autoři: | , , |
| Médium: | E-audiokniha |
| Vydáno: |
Praha :
Supraphon a.s.,
2019
|
| Tagy: |
Žádné tagy |
| LEADER | 02474nim a22003017i 4500 | ||
|---|---|---|---|
| 001 | 313296 | ||
| 007 | sr nunnnnnnned | ||
| 024 | |a 099925084424 | ||
| 044 | |a xr | ||
| 100 | 1 | |a Jirásek, Alois |4 aut | |
| 245 | 1 | 0 | |a Česká umělecká próza / |c Jirásek, Alois |
| 264 | 1 | |a Praha : |b Supraphon a.s., |c 2019 | |
| 300 | |a 1 online zdroj (46 min., 28 sek.) | ||
| 336 | |a mluvené slovo |b spw |2 rdacontent | ||
| 337 | |a audio |b s |2 rdamedia | ||
| 338 | |a online zdroj |b cr |2 rdacarrier | ||
| 505 | 0 | 0 | |t Havířská balada. Román (8 min., 55 sek.) |
| 505 | 0 | 0 | |t Proti všem (11 min., 29 sek.) |
| 505 | 0 | 0 | |t Život proti smrti. Román (11 min., 26 sek.) |
| 505 | 0 | 0 | |t Jak si nakouřil pan Vorel pěnovku (14 min., 41 sek.) |
| 520 | 2 | |a Z komentáře Václava Kamelského k původnímu titulu DV 15133 "Česká umělecká próza" vydanému v Supraphonu v roce 1961 a nyní vydávanému poprvé digitálně: Úsilí o živou literární výchovu spjatou se životem vyvolalo potřebu bohatšího fondu základních pomůcek. Patří mezi ně soubor gramofonových desek se základními texty našich literatur v interpretaci vynikajících umělců. Poslechem přiblížíme žákům ideovou a uměleckou krásu literárního díla. Přispějeme jím i k mnohostrannému rozvoji žákovi osobnosti a k výchově smyslů, citu, myšlení, představivosti, vůle. Poslechem posilujeme i estetické činnosti žáků: přednes, výraznou četbu, rozvoj jazykové kultury...Po ukázkách z poezie a dramatu seznámí se žáci i s ukázkami z prózy. Výběr čtyř výňatků má ukázat rozmanitost druhových forem (povídka, historický román, balada v próze, román z nedávné minulosti) a jistě vhodně doplní vlastní hodiny literatury...Ať si naši žáci uvědomí malý zázrak: jedna otáčející se deska - a prožíváme čtyři děje zobrazené spisovateli - čtyři životy z časově tak odlišných dob. Prožíváme je takřka společně s postavami, zásluhou veliké tvůrčí síly živého slova. | |
| 700 | 1 | |a Vášová, Marie |4 nrt | |
| 700 | 1 | |a Štěpánek, Zdeněk |4 nrt | |
| 700 | 1 | |a Fabiánová, Vlasta |4 nrt | |
| 910 | |a RBIT002 | ||
| 998 | |d 402585 |a https://core.palmknihy.cz/api/books/402585/cover?sbs27x |b https://core.palmknihy.cz/api/books/402585/cover/400?sbs27x |c https://core.palmknihy.cz/api/books/402585/cover/50?sbs27x |e 2099-01-01 |i 099925084424 |l 2788 |q 49 |r 1 |s https://www.palmknihy.cz/kniha/402585 |t audiobook |y 2019 |z 1 | ||
| 999 | |d 313294 | ||